15 krajów o największej liczbie zgonów Covid19 - 31 stycznia - Statystyki

Ogólne statystyki
  • Ten quiz został rozwiązany 45 razy
  • Średni wynik to 11 z 24
Statystyki odpowiedzi
kraj % Poprawnych
Stany Zjednoczone
86%
Hiszpania
81%
Niemcy
81%
Rosja
81%
Francja
74%
Włochy
74%
Brazylia
67%
Indie
67%
Wielka Brytania
64%
Meksyk
60%
Argentyna
50%
Portugalia
40%
Czechy
38%
Iran
33%
Peru
29%
Belgia
26%
Kolumbia
24%
Republika Południowej Afryki
21%
Węgry
21%
Bułgaria
14%
Chorwacja
14%
Słowenia
7%
Bośnia i Hercegowina
5%
Macedonia Północna
2%
Nie znaleziono quizów pasujących do podanych kryteriów
Rozkład punktacji
Procent ludzi z każdym wynikiem
Percentyl według liczby udzielonych odpowiedzi
Twoja historia wyników
Nie rozwiązałeś tego quizu